[Event "1st Facebook Tournament"]
[Site "SchemingMind.com"]
[Date "2007.07.21"]
[Round "-"]
[White "Hawkmanzz"]
[Black "aliwood"]
[Result "1-0"]
[WhiteCountry "USA"]
[BlackCountry "ENG"]
[WhiteElo "2084"]
[WhiteRD "93"]
[BlackElo "1103"]
[BlackRD "107"]
[GameID "113596"]

1. e4 e5 2. Nf3 Nc6 3. Nc3 Nf6 4. d4 d6 5. Bb5 Bd7 6. d5 Ne7 7. Bxd7+ Qxd7 8. Bg5 Nxe4 9. Nxe4 O-O-O 10. O-O f6
11. Be3 Nf5 12. Bd2 g5 13. g4 Nd4 14. Nxd4 Bh6 15. Ne6 Rdg8 16. Nxf6
1-0

[Event "1st Facebook Tournament"]
[Site "SchemingMind.com"]
[Date "2007.07.21"]
[Round "-"]
[White "aliwood"]
[Black "Hawkmanzz"]
[Result "0-1"]
[WhiteCountry "ENG"]
[BlackCountry "USA"]
[WhiteElo "1010"]
[WhiteRD "91"]
[BlackElo "2099"]
[BlackRD "95"]
[GameID "113597"]

1. e4 e6 2. Nf3 d5 3. exd5 exd5 4. d4 Nf6 5. Bd3 c5 6. O-O Nc6 7. c3 c4 8. Qe2+ Be7 9. Bc2 O-O 10. Bg5 h6
11. Bh4 Re8 12. Nbd2 Ba3 13. Ne5 Bxb2 14. Rab1 Bxc3 15. Ndf3 Nxd4 16. Nxd4 Bxd4 17. Bg3 Ng4 18. Qf3 Nxe5 19. Qf4 Nc6 20. Rbd1 Bc3
0-1

[Event "1st Facebook Tournament"]
[Site "SchemingMind.com"]
[Date "2007.08.01"]
[Round "-"]
[White "Archon"]
[Black "aliwood"]
[Result "1-0"]
[WhiteCountry "CAN"]
[BlackCountry "ENG"]
[WhiteElo "1710"]
[WhiteRD "51"]
[BlackElo "1010"]
[BlackRD "91"]
[GameID "114254"]

1. e4 e5 2. Nf3 Nc6 3. d4 exd4 4. Bc4 Nf6 5. e5 d5 6. Bb5 Ne4 7. Nxd4 Bd7 8. Bxc6 Bxc6 9. O-O Bd7 10. f3 Nc5
11. Nc3
1-0

[Event "1st Facebook Tournament"]
[Site "SchemingMind.com"]
[Date "2007.07.27"]
[Round "-"]
[White "Archon"]
[Black "Hawkmanzz"]
[Result "1/2-1/2"]
[WhiteCountry "CAN"]
[BlackCountry "USA"]
[WhiteElo "1707"]
[WhiteRD "52"]
[BlackElo "2084"]
[BlackRD "93"]
[GameID "114255"]

1. e4 c5 2. Nf3 Nc6 3. d4 cxd4 4. Nxd4 Nf6 5. Nc3 e5 6. Ndb5 d6 7. Bg5 a6 8. Na3 Be7 9. Bxf6 O-O 10. Bxe7 Nxe7
11. Nd5 Be6 12. Nxe7+ Qxe7 13. Bc4 b5 14. Bxe6 fxe6 15. c3 b4 16. cxb4 Rf4 17. O-O Rxe4 18. Nc2 Rc8 19. Rc1 Rec4 20. a3 Qc7
21. f3 Rxc2 22. Rxc2 Qxc2 23. Qxd6 Qc6 24. Qxe5 Qd5 25. Qxd5 exd5 26. Rd1 Rd8 27. Kf2 Kf7 28. Ke3 Rd6 29. Rc1 Re6+ 30. Kd3 Rh6
31. h3 Rg6 32. Rc2 Ke7 33. Kd4 Kd6 34. b3 h6 35. a4 Rf6 36. b5 axb5 37. a5 Rf4+ 38. Kc3 Kc5 39. Ra2 d4+ 40. Kd3 Rf7
41. b4+ Kxb4 42. a6 Ra7 43. Kxd4 Rd7+ 44. Ke3 Re7+ 45. Kd4 Rd7+ 46. Ke5 Ra7 47. Kd5 Kb3 48. Ra1 b4 49. Kc6 Kc2 50. Kb6 Ra8
51. a7 b3 52. Kb7 b2 53. Ra2 Rxa7+ 54. Kxa7 Kc1 55. Rxb2 Kxb2 56. Kb6 Kc3 57. Kc5 Kd3 58. Kd5 Ke3 59. Ke5 Kf2 60. g4 Kxf3
61. Kf5 Kg3 62. Kg6 Kxh3 63. Kxg7 Kxg4 64. Kxh6
1/2-1/2

[Event "1st Facebook Tournament"]
[Site "SchemingMind.com"]
[Date "2007.08.01"]
[Round "-"]
[White "aliwood"]
[Black "Archon"]
[Result "0-1"]
[WhiteCountry "ENG"]
[BlackCountry "CAN"]
[WhiteElo "1010"]
[WhiteRD "91"]
[BlackElo "1710"]
[BlackRD "51"]
[GameID "114257"]

1. e4 d6 2. Nf3 g6 3. d4 Nf6 4. Nc3 Bg7 5. Be2 O-O 6. O-O Bg4 7. Be3 Nc6 8. Rb1 a5 9. b3 Bxf3 10. Bxf3 Nd7
0-1

[Event "1st Facebook Tournament"]
[Site "SchemingMind.com"]
[Date "2007.07.27"]
[Round "-"]
[White "Hawkmanzz"]
[Black "Archon"]
[Result "1-0"]
[WhiteCountry "USA"]
[BlackCountry "CAN"]
[WhiteElo "2030"]
[WhiteRD "102"]
[BlackElo "1711"]
[BlackRD "52"]
[GameID "114258"]

1. e4 d6 2. Nc3 Nf6 3. d4 g6 4. Nf3 Bg7 5. Be2 O-O 6. O-O Bg4 7. Be3 Nc6 8. d5 Nb8 9. h3 Bxf3 10. Bxf3 c6
11. a4 a5 12. Qd2 Nfd7 13. Rfe1 Na6 14. Bg4 Nb4 15. dxc6 Nxc6 16. Rad1 Nb4 17. Nd5 Nxd5 18. exd5 Rc8 19. c3 Ne5 20. Bxc8 Qxc8
21. Bd4 Nc4 22. Qe2 Ne5 23. f4 Nd7 24. Qxe7 Qc7 25. Bxg7 Kxg7 26. Re6 Qb6+ 27. Kh2 Nb8 28. Rxd6
1-0

[Event "1st Facebook Tournament"]
[Site "SchemingMind.com"]
[Date "2007.08.01"]
[Round "-"]
[White "javilez"]
[Black "Archon"]
[Result "1/2-1/2"]
[WhiteCountry "NCA"]
[BlackCountry "CAN"]
[WhiteElo "1742"]
[WhiteRD "56"]
[BlackElo "1753"]
[BlackRD "50"]
[GameID "114270"]

1. d4 d6 2. c4 Nf6 3. Nc3 g6 4. e4 Bg7 5. f3 O-O 6. Be3 Nbd7 7. Bd3 c5 8. Nge2 cxd4 9. Nxd4 Nc5 10. Be2 Nfd7
11. Qd2 a5 12. b3 b6 13. Nc6 Qe8 14. Rc1 Bb7 15. Nd4 Rc8 16. Ncb5 Na6 17. O-O Nc7 18. Nxc7 Rxc7 19. Nb5 Rc8 20. Nc3 Nc5
21. Nd5 Bxd5 22. cxd5 Qd7 23. Rc2 Rc7 24. Rfc1 Rfc8 25. b4 axb4 26. Qxb4 Rb8 27. Bb5 Qd8 28. Qd2 Rbb7 29. Bd4 Bxd4+ 30. Qxd4 Ra7
31. Rb1=
1/2-1/2

[Event "1st Facebook Tournament"]
[Site "SchemingMind.com"]
[Date "2007.08.01"]
[Round "-"]
[White "javilez"]
[Black "Hawkmanzz"]
[Result "0-1"]
[WhiteCountry "NCA"]
[BlackCountry "USA"]
[WhiteElo "1742"]
[WhiteRD "56"]
[BlackElo "2096"]
[BlackRD "93"]
[GameID "114271"]

1. d4 Nf6 2. c4 e6 3. Nc3 Bb4 4. Bd2 c5 5. e3 cxd4 6. exd4 d5 7. Nf3 O-O 8. b3 Nc6 9. a3 Be7 10. Bd3 Nxd4
11. Be3 Nxf3+ 12. Qxf3 d4 13. Rd1 dxc3 14. Bxh7+ Nxh7 15. Rxd8 Rxd8 16. Ke2 Bxa3 17. h4 Bb4 18. h5 e5 19. Qg3 Bf5 20. Qxe5 Bd3+
21. Kf3 Re8 22. Qf4 Rad8
0-1

[Event "1st Facebook Tournament"]
[Site "SchemingMind.com"]
[Date "2007.07.29"]
[Round "-"]
[White "Archon"]
[Black "javilez"]
[Result "0-1"]
[WhiteCountry "CAN"]
[BlackCountry "NCA"]
[WhiteElo "1710"]
[WhiteRD "51"]
[BlackElo "1797"]
[BlackRD "61"]
[GameID "114274"]

1. e4 c5 2. Nf3 d6 3. d4 cxd4 4. Nxd4 Nf6 5. Nc3 a6 6. Bg5 e6 7. f4 Nbd7 8. Qf3 Be7 9. Bc4 Qc7 10. Bb3 b5
11. O-O-O Bb7 12. Nxe6 fxe6 13. Bxe6 Rc8 14. Rd2 b4 15. Nd5 Nxd5 16. exd5 Qc4 17. Bxd7+ Kxd7 18. Qg4+ Kd8 19. Bxe7+ Kxe7 20. Re1+ Kd8
21. Qg5+ Kc7 22. Qxg7+ Kb6 23. Qd4+ Qxd4 24. Rxd4 Kc5 25. Rde4 Bxd5 26. Re7 Bxg2 27. R1e2 Bd5 28. f5 Rcf8 29. Rf2 Rf7 30. Re1 Rhf8
0-1

[Event "1st Facebook Tournament"]
[Site "SchemingMind.com"]
[Date "2007.07.28"]
[Round "-"]
[White "Hawkmanzz"]
[Black "javilez"]
[Result "1-0"]
[WhiteCountry "USA"]
[BlackCountry "NCA"]
[WhiteElo "2099"]
[WhiteRD "95"]
[BlackElo "1797"]
[BlackRD "61"]
[GameID "114275"]

1. e4 c5 2. Nc3 e6 3. Nf3 d6 4. d4 cxd4 5. Nxd4 Nc6 6. Bb5 Bd7 7. O-O a6 8. Nxc6 Bxc6 9. Bxc6+ bxc6 10. Qd4 Qc7
11. Bg5 e5 12. Qc4 Be7 13. f4 Nf6 14. fxe5 dxe5 15. Nd5 Nxd5 16. Bxe7 Kxe7 17. Qc5+ Ke8 18. exd5 f6 19. dxc6 Rc8 20. Rae1 Qxc6
21. Rxe5+ Kf7 22. Re7+ Kg6 23. Qf5+ Kh6 24. Qh3+ Kg6 25. Qg4+ Kh6 26. Qxg7+
1-0

[Event "1st Facebook Tournament"]
[Site "SchemingMind.com"]
[Date "2007.07.28"]
[Round "-"]
[White "jtrochez1"]
[Black "Archon"]
[Result "0-1"]
[WhiteCountry "HON"]
[BlackCountry "CAN"]
[WhiteElo "1522"]
[WhiteRD "48"]
[BlackElo "1707"]
[BlackRD "52"]
[GameID "114305"]

1. e4 d6 2. Bc4 e6 3. d4 g6 4. c3 b6 5. Nf3 Bb7 6. d5 e5 7. Be3 Bg7 8. Nbd2 Ne7 9. O-O Nd7 10. Re1 h6
11. Nb3 a6 12. Qd2 Nc5 13. Nxc5 bxc5 14. Rad1 Kf8 15. h3 Kg8 16. Nh2 Bc8 17. Be2 Bd7 18. c4 Ba4 19. b3 Bd7 20. Bg4 f5
21. Be2 f4 22. Bxf4 exf4 23. Qxf4 Kh7 24. Qg3 Rf8 25. Bd3 a5 26. Nf3 Be8 27. e5 Rxf3 28. Qxf3 Bxe5 29. Bc2 a4 30. Bb1 axb3
31. axb3 Bg7 32. g4 Rb8 33. Bc2 Qd7 34. Re6 Kg8 35. Qd3 Bf7 36. Re2 Re8 37. Rde1 Kh7 38. Qg3 Bd4 39. Kh1 Kg7 40. f4 Qd8
41. f5 g5 42. Qd3 Bf6 43. Kg2 Qd7 44. Rh1 Ng8 45. Rxe8 Qxe8 46. Bd1 Bd8 47. Rf1 Bf6 48. Bf3 Qe5 49. Qc2 Qb2 50. Qxb2 Bxb2
0-1

[Event "1st Facebook Tournament"]
[Site "SchemingMind.com"]
[Date "2007.07.29"]
[Round "-"]
[White "jtrochez1"]
[Black "javilez"]
[Result "0-1"]
[WhiteCountry "HON"]
[BlackCountry "NCA"]
[WhiteElo "1524"]
[WhiteRD "49"]
[BlackElo "1797"]
[BlackRD "61"]
[GameID "114306"]

1. e4 c5 2. Bc4 e6 3. Nc3 d6 4. Nf3 a6 5. d4 cxd4 6. Nxd4 Qc7 7. Bd3 Nd7 8. O-O b5 9. Qe2 Bb7 10. Bf4 e5
11. Bxe5 dxe5 12. Nf5 g6 13. Ne3 Bg7 14. Ncd5 Qd6 15. c4 Ngf6 16. Nxf6+ Nxf6 17. Rad1 Qb6 18. Nd5 Nxd5 19. cxd5 O-O 20. Kh1 Rac8
21. Rc1 Bh6 22. Rxc8 Rxc8 23. Rb1 Qc5 24. g3 Rd8 25. b4 Qd4 26. Rd1 Qxb4 27. Rb1 Qd2 28. Qxd2 Bxd2 29. Rd1 Bb4 30. Rc1 Rc8
31. Rxc8+ Bxc8 32. Kg2 Kf8 33. f4 f6 34. Kf3 Ke7 35. f5 g5 36. g4 Bd7 37. h3 a5 38. Be2 Bc3 39. Ke3 Kd6 40. Kd3 b4
41. Kc2 Kc5 42. Kc1 Kd4 43. Bf3 a4 44. Kb1 Bb5 45. Bg2 Ke3 46. h4 Kd2 47. hxg5 Bd3#
0-1

[Event "1st Facebook Tournament"]
[Site "SchemingMind.com"]
[Date "2007.07.28"]
[Round "-"]
[White "jtrochez1"]
[Black "Hawkmanzz"]
[Result "0-1"]
[WhiteCountry "HON"]
[BlackCountry "USA"]
[WhiteElo "1522"]
[WhiteRD "48"]
[BlackElo "2084"]
[BlackRD "93"]
[GameID "114307"]

1. e4 e6 2. Nf3 d5 3. exd5 exd5 4. d4 Nf6 5. Bd3 c5 6. c3 c4 7. Bc2 Be7 8. O-O O-O 9. b3 Nc6 10. h3 b5
11. b4 a5 12. bxa5 Qxa5 13. Bd2 Ne4 14. Be1 Qc7 15. Nbd2 Nxc3 16. Bxh7+ Kh8 17. Qc2 Ne2+ 18. Kh1 Ncxd4 19. Nxd4 Nxd4 20. Qc3 Bf6
21. Qb4 Rd8 22. Rd1 Kxh7 23. Nf3 Nxf3 24. gxf3 Qf4 25. Kg2 Bxh3+ 26. Kxh3 Qxf3+ 27. Kh2 Be5+ 28. Kg1 Qg4+ 29. Kh1 Qh3+
0-1

[Event "1st Facebook Tournament"]
[Site "SchemingMind.com"]
[Date "2007.07.28"]
[Round "-"]
[White "Archon"]
[Black "jtrochez1"]
[Result "1-0"]
[WhiteCountry "CAN"]
[BlackCountry "HON"]
[WhiteElo "1711"]
[WhiteRD "52"]
[BlackElo "1572"]
[BlackRD "47"]
[GameID "114310"]

1. e4 e5 2. Nf3 d6 3. d4 exd4 4. Nxd4 Nf6 5. Nc3 a6 6. a4 Be7 7. Bf4 Nc6 8. Nxc6 bxc6 9. Bc4 O-O 10. O-O Bb7
11. Re1 Qb8 12. Bb3 Nd7 13. a5 Bf6 14. Qd2 Ne5 15. Bxe5 dxe5 16. f4 exf4 17. Qxf4 Bxc3 18. bxc3 Qa7+ 19. Kh1 Kh8 20. Rf1 Qc5
21. Qxc7 Bc8 22. Rxf7 Rxf7 23. Qxf7 Bg4 24. Rf1 h6 25. h3 Be2 26. Rf2 Bh5 27. Rf5 Bxf7 28. Rxc5 Be8 29. e5 Rd8 30. e6 g5
31. Rf5 Kg7 32. Kh2 Bg6 33. e7 Rb8 34. Re5 Rb7 35. e8=Q Bxe8 36. Rxe8 c5 37. Re6 h5 38. Rxa6
1-0

[Event "1st Facebook Tournament"]
[Site "SchemingMind.com"]
[Date "2007.08.01"]
[Round "-"]
[White "javilez"]
[Black "jtrochez1"]
[Result "1-0"]
[WhiteCountry "NCA"]
[BlackCountry "HON"]
[WhiteElo "1797"]
[WhiteRD "61"]
[BlackElo "1524"]
[BlackRD "49"]
[GameID "114311"]

1. d4 d5 2. c4 e6 3. Nc3 c6 4. e3 Nf6 5. Nf3 Nbd7 6. cxd5 cxd5 7. Bd3 Bd6 8. Qc2 e5 9. dxe5 Nxe5 10. Nxe5 Bxe5
11. O-O g6 12. b3 d4 13. exd4 Bc7 14. Re1+ Kf8 15. Nb5 Bb6 16. Ba3+ Kg7 17. Bc5 Bxc5 18. dxc5 Be6 19. Rad1 Qe7 20. Nd6 Qc7
21. b4 Rhe8 22. Nxe8+ Rxe8 23. Bc4 Bxc4 24. Qxc4 a6 25. Rxe8 Nxe8 26. Qd4+ Kg8 27. Qd7
1-0

[Event "1st Facebook Tournament"]
[Site "SchemingMind.com"]
[Date "2007.07.28"]
[Round "-"]
[White "Hawkmanzz"]
[Black "jtrochez1"]
[Result "1-0"]
[WhiteCountry "USA"]
[BlackCountry "HON"]
[WhiteElo "2084"]
[WhiteRD "93"]
[BlackElo "1522"]
[BlackRD "48"]
[GameID "114312"]

1. e4 e5 2. Nf3 d6 3. d4 exd4 4. Nxd4 Nc6 5. Bc4 Nf6 6. Nxc6 bxc6 7. Nc3 a5 8. Bf4 Be7 9. e5 dxe5 10. Qxd8+ Bxd8
11. Bxe5 O-O 12. O-O-O Ba6 13. Bxa6 Rxa6 14. Rhe1 Ra8 15. f4 Ne8 16. Ne4 f6 17. Bd4 Be7 18. Nc5 Bxc5 19. Bxc5 Rf7 20. f5 g6
21. fxg6 hxg6 22. Re6 Kg7 23. Rxc6 a4 24. Rd4 g5 25. Ba3 Kg6 26. Rcc4 Nd6 27. Rxa4 Rxa4 28. Rxa4 f5 29. Ra7 g4 30. Bxd6 cxd6
31. Rxf7 Kxf7 32. Kd2 Ke6 33. a4
1-0

[Event "1st Facebook Tournament"]
[Site "SchemingMind.com"]
[Date "2007.07.28"]
[Round "-"]
[White "e_castle3"]
[Black "jtrochez1"]
[Result "1-0"]
[WhiteCountry "PHI"]
[BlackCountry "HON"]
[WhiteElo "1861"]
[WhiteRD "72"]
[BlackElo "1522"]
[BlackRD "48"]
[GameID "114365"]

1. Nf3 Nc6 2. d4 d5 3. Bf4 e6 4. e3 h6 5. c4 Nf6 6. Nc3 Bb4 7. a3 Bxc3+ 8. bxc3 Ne7 9. c5 c6 10. Bd3 Nf5
11. O-O Qa5 12. Qc2 b5 13. Nd2 O-O 14. Rfe1 Re8 15. h3 Qd8 16. g4 Nh4 17. g5 hxg5 18. Bxg5 Nf5 19. e4 Ne7 20. Bxf6 gxf6
21. Kh1 Ng6 22. exd5 f5 23. dxc6 Qd5+ 24. Kg1 Qxc6 25. Nf1 Nf4 26. Ne3 Bb7 27. Kh2 Qf3 28. Rg1+ Kh8 29. Rg3 Qh5 30. Bxb5 Rg8
31. Rag1 Rxg3 32. Rxg3 Rg8 33. Qd1 Qh6 34. Rxg8+ Kxg8 35. Qg1+ Kh7 36. Qg3 a6 37. Be8 f6 38. c6 Bxc6 39. Bxc6 Qg6 40. Qxf4 Qf7
41. c4 Kg8 42. d5 Qa7 43. dxe6 Qe7 44. Bd5 a5 45. Nxf5
1-0

[Event "1st Facebook Tournament"]
[Site "SchemingMind.com"]
[Date "2007.07.28"]
[Round "-"]
[White "e_castle3"]
[Black "Archon"]
[Result "1-0"]
[WhiteCountry "PHI"]
[BlackCountry "CAN"]
[WhiteElo "1873"]
[WhiteRD "73"]
[BlackElo "1711"]
[BlackRD "52"]
[GameID "114366"]

1. Nf3 d5 2. d4 Nf6 3. Bg5 Ne4 4. Bh4 c5 5. e3 Qb6 6. Qc1 Nc6 7. c3 Bg4 8. Nbd2 Nxd2 9. Qxd2 Bxf3 10. gxf3 cxd4
11. exd4 e6 12. Bg2 Bd6 13. O-O O-O 14. Rfe1 Na5 15. b3 Rac8 16. Kh1 Rfe8 17. Rg1 Bf8 18. Bh3 Kh8 19. f4 Rc6 20. Rg3 Qc7
21. f5 exf5 22. Bxf5 g6 23. Bh3 Bg7 24. Rf3 Rf8 25. Re1 f5 26. Re7 Qd6 27. Rfe3 Rc7 28. R3e6 Qxe6 29. Rxe6 Rff7 30. Bd8
1-0

[Event "1st Facebook Tournament"]
[Site "SchemingMind.com"]
[Date "2007.07.29"]
[Round "-"]
[White "e_castle3"]
[Black "javilez"]
[Result "1-0"]
[WhiteCountry "PHI"]
[BlackCountry "NCA"]
[WhiteElo "1783"]
[WhiteRD "70"]
[BlackElo "1701"]
[BlackRD "64"]
[GameID "114367"]

1. Nf3 d5 2. d4 Nf6 3. Bg5 Nbd7 4. e3 e6 5. Bd3 Be7 6. O-O c5 7. c3 O-O 8. Nbd2 b6 9. Qc2 c4 10. Be2 Bb7
11. b3 b5 12. Rab1 a6 13. bxc4 dxc4 14. Rfd1 Qc7 15. e4 h6 16. Bh4 Rfe8 17. Bg3 Qc6 18. e5 Nd5 19. Ne1 Qc7 20. Ne4 Qa5
21. Bxc4 bxc4 22. Rxb7 N7b6 23. Rb1 Reb8 24. Rxb8+ Rxb8 25. Nf3 Nd7 26. Rxb8+ Nxb8 27. Nfd2 Qb5 28. a4 Qc6 29. Qa2 Nb6 30. a5 Qa4
31. Qxa4 Nxa4 32. Nxc4 Nc6 33. f4 Bd8 34. Be1 Nxa5 35. Ncd6 Nb2 36. Nc5 Nc6 37. Nxa6 Nd3 38. Bd2 Be7 39. Nb5 Na5 40. Kf1 Nc4
41. Ke2 Ndb2 42. Bc1 Na4 43. Kd3 Nab6 44. g4 Kf8 45. f5 Ke8 46. Nb8 Na5 47. fxe6 fxe6 48. Nc7+ Kf7 49. Nba6 Bd8 50. Nb5 Ke8
51. Nd6+ Kd7 52. Nc5+ Ke7 53. Ba3 Bc7 54. Nde4 Kf7 55. Na6 Bd8 56. Nd6+ Kg6 57. Nc5 Be7 58. Nxe6 Bxd6 59. Bxd6 Kf7 60. Nc5 Nbc4
61. Bc7 Ke7 62. d5
1-0

[Event "1st Facebook Tournament"]
[Site "SchemingMind.com"]
[Date "2007.07.27"]
[Round "-"]
[White "e_castle3"]
[Black "Hawkmanzz"]
[Result "0-1"]
[WhiteCountry "PHI"]
[BlackCountry "USA"]
[WhiteElo "1861"]
[WhiteRD "72"]
[BlackElo "2084"]
[BlackRD "93"]
[GameID "114368"]

1. Nf3 d5 2. d4 Nf6 3. c4 e6 4. cxd5 exd5 5. a3 Nc6 6. Nc3 Ne4 7. e3 Bf5 8. Bd3 Nxc3 9. bxc3 Qf6 10. O-O Be7
11. Rb1 O-O-O 12. Qc2 Bxd3 13. Qxd3 a6 14. c4 dxc4 15. Qxc4 Qe6 16. Qxe6+ fxe6 17. Rb3 g5 18. Bb2 g4 19. d5 Na5 20. Nd4 Nxb3
21. Nxb3 Rhf8 22. dxe6 Rd3 23. Nd4 c5 24. Rc1 Rd2 25. Bc3 Rdxf2 26. Ba5 Rb2 27. Be1 b6 28. Nc6 Bg5
0-1

[Event "1st Facebook Tournament"]
[Site "SchemingMind.com"]
[Date "2007.07.28"]
[Round "-"]
[White "jtrochez1"]
[Black "e_castle3"]
[Result "0-1"]
[WhiteCountry "HON"]
[BlackCountry "PHI"]
[WhiteElo "1572"]
[WhiteRD "47"]
[BlackElo "1873"]
[BlackRD "73"]
[GameID "114371"]

1. e4 Nc6 2. Nf3 d5 3. exd5 Qxd5 4. Nc3 Qd8 5. d3 Bg4 6. Be2 Nf6 7. a3 e6 8. h3 Bxf3 9. Bxf3 Qd7 10. O-O Be7
11. Be3 O-O 12. Re1 Rfd8 13. Qc1 Rab8 14. Ne2 Ne5 15. d4 Nxf3+ 16. gxf3 Qc6 17. Kg2 Rd5 18. Ng3 Rbd8 19. c3 b5 20. b4 R5d7
21. Qb2 Nd5 22. Bd2 f5 23. f4 Nxf4+ 24. Kf1 Qg2#
0-1

[Event "1st Facebook Tournament"]
[Site "SchemingMind.com"]
[Date "2007.07.28"]
[Round "-"]
[White "Archon"]
[Black "e_castle3"]
[Result "1/2-1/2"]
[WhiteCountry "CAN"]
[BlackCountry "PHI"]
[WhiteElo "1710"]
[WhiteRD "51"]
[BlackElo "1816"]
[BlackRD "68"]
[GameID "114372"]

1. e4 Nc6 2. Nf3 d5 3. exd5 Qxd5 4. Nc3 Qd8 5. d4 Bg4 6. d5 Bxf3 7. Qxf3 Ne5 8. Qd1 Nf6 9. Bg5 a6 10. Qd2 h6
11. Bxf6 exf6 12. Be2 Bb4 13. O-O-O O-O 14. Qe3 Re8 15. Qh3 Ng6 16. Bc4 Qd6 17. Bb3 Nf4 18. Qf3 Bxc3 19. bxc3 a5 20. a4 Ng6
21. Kb2 Ne5 22. Qe2 Re7 23. Rhe1 Rae8 24. Qf1 Nd7 25. Rxe7 Rxe7 26. Re1 Re5 27. f4 Rxe1 28. Qxe1 Nc5 29. g3 Nxb3 30. cxb3 Qxd5
31. Qe2 Kf8 32. Kc2 f5 33. Qd3 Qxd3+ 34. Kxd3 Ke7 35. Kd4 Kd6 36. b4 axb4 37. cxb4 f6 38. a5 c6 39. Kc4 g5 40. Kd4 h5
41. h4 g4= 42. Kc4 Kc7 43. Kc5 Kb8 44. Kb6 Kc8 45. Ka7 Kc7 46. a6 bxa6 47. Kxa6 c5 48. Kb5 cxb4 49. Kxb4 Kd6 50. Kc4 Kc6
51. Kd4 Kd6 52. Kc4=
1/2-1/2

[Event "1st Facebook Tournament"]
[Site "SchemingMind.com"]
[Date "2007.07.28"]
[Round "-"]
[White "javilez"]
[Black "e_castle3"]
[Result "1-0"]
[WhiteCountry "NCA"]
[BlackCountry "PHI"]
[WhiteElo "1797"]
[WhiteRD "61"]
[BlackElo "1816"]
[BlackRD "68"]
[GameID "114373"]

1. d4 d5 2. c4 c6 3. e3 Bf5 4. Nc3 e6 5. cxd5 exd5 6. Bd3 Bg6 7. Bxg6 fxg6 8. Nf3 Bd6 9. Qb3 Qc7 10. Bd2 Nf6
11. Rc1 a6 12. O-O O-O 13. h3 Nbd7 14. e4 Nh5 15. Nxd5 Qd8 16. Nc7+ Kh8 17. Nxa8 Qxa8 18. e5 Be7 19. Ng5 h6 20. Ne6 Rf7
21. Nc7 Qf8 22. e6
1-0

[Event "1st Facebook Tournament"]
[Site "SchemingMind.com"]
[Date "2007.07.27"]
[Round "-"]
[White "Hawkmanzz"]
[Black "e_castle3"]
[Result "1-0"]
[WhiteCountry "USA"]
[BlackCountry "PHI"]
[WhiteElo "2084"]
[WhiteRD "93"]
[BlackElo "1861"]
[BlackRD "72"]
[GameID "114374"]

1. e4 g6 2. Nf3 Bg7 3. Nc3 d6 4. d4 Bg4 5. Be3 Nc6 6. Bb5 a6 7. Bxc6+ bxc6 8. h3 Bd7 9. Qd2 h5 10. O-O Rb8
11. b3 Be6 12. Rad1 f6 13. Qd3 Bf7 14. Rfe1 g5 15. Qxa6 Qd7 16. d5 cxd5 17. exd5 g4 18. Nd4 gxh3 19. Ne6 Bh6 20. gxh3 Bxe3
21. Rxe3 Nh6 22. Qc4 Rg8+ 23. Kh2 Bxe6 24. dxe6 Qc8 25. Qf4 Qb7 26. Rg1 Rxg1 27. Kxg1 Ng8 28. Qg3
1-0

[Event "1st Facebook Tournament"]
[Site "SchemingMind.com"]
[Date "2007.08.01"]
[Round "-"]
[White "Space"]
[Black "aliwood"]
[Result "1-0"]
[WhiteCountry "SWE"]
[BlackCountry "ENG"]
[WhiteElo "2196"]
[WhiteRD "82"]
[BlackElo "1010"]
[BlackRD "91"]
[GameID "114398"]

1. e4 e5 2. Nf3 Nc6 3. Bb5 a6 4. Ba4 Nf6 5. O-O Nxe4 6. d4 exd4 7. Re1 d5 8. Bg5 Be7 9. Bxe7 Qxe7 10. c4 O-O
11. cxd5 b5 12. Bc2 Nb4 13. Bxe4 c6 14. Bxh7+
1-0

[Event "1st Facebook Tournament"]
[Site "SchemingMind.com"]
[Date "2007.07.28"]
[Round "-"]
[White "Space"]
[Black "jtrochez1"]
[Result "1-0"]
[WhiteCountry "SWE"]
[BlackCountry "HON"]
[WhiteElo "2164"]
[WhiteRD "87"]
[BlackElo "1572"]
[BlackRD "47"]
[GameID "114399"]

1. b3 e5 2. Bb2 d6 3. g3 Nf6 4. Bg2 c6 5. c4 Nbd7 6. Nf3 h6 7. O-O Be7 8. Nc3 O-O 9. d4 e4 10. Ne1 d5
11. cxd5 cxd5 12. f3 exf3 13. Nxf3 a6 14. Qd3 Bd6 15. Nh4 Re8 16. Nxd5 Nxd5 17. Bxd5 Nf6 18. Rxf6 Qxf6 19. Rf1 Qg5 20. Bxf7+ Kh8
21. Ng6+
1-0

[Event "1st Facebook Tournament"]
[Site "SchemingMind.com"]
[Date "2007.07.28"]
[Round "-"]
[White "Space"]
[Black "e_castle3"]
[Result "1-0"]
[WhiteCountry "SWE"]
[BlackCountry "PHI"]
[WhiteElo "2196"]
[WhiteRD "82"]
[BlackElo "1816"]
[BlackRD "68"]
[GameID "114400"]

1. c4 f5 2. d4 Nf6 3. g3 e6 4. Bg2 Be7 5. Nf3 O-O 6. O-O c6 7. b3 d5 8. Ba3 Bxa3 9. Nxa3 Nbd7 10. Nc2 Ne4
11. Nce1 b6 12. Nd3 Ba6 13. Rc1 Rc8 14. Nfe5 c5 15. Nxd7 Qxd7 16. dxc5 dxc4 17. Nb4 Qxd1 18. Rfxd1 Nxc5 19. Nxa6 Nxa6 20. Bb7 Nc5
21. Bxc8 Rxc8 22. Rxc4 Re8 23. b4 Ne4 24. Rd7 a5 25. bxa5 bxa5 26. Rcc7
1-0

[Event "1st Facebook Tournament"]
[Site "SchemingMind.com"]
[Date "2007.07.28"]
[Round "-"]
[White "Space"]
[Black "Archon"]
[Result "1-0"]
[WhiteCountry "SWE"]
[BlackCountry "CAN"]
[WhiteElo "2210"]
[WhiteRD "79"]
[BlackElo "1753"]
[BlackRD "50"]
[GameID "114401"]

1. d4 d6 2. c4 Nf6 3. Nc3 g6 4. e4 Bg7 5. f3 O-O 6. Be3 c5 7. dxc5 dxc5 8. Qxd8 Rxd8 9. Bxc5 Nc6 10. Ba3 b6
11. Nd5 e6 12. Ne7+ Nxe7 13. Bxe7 Rd7 14. Ba3 Ba6 15. Nh3 Rc8 16. Rc1 Bh6 17. Rc2 Rdc7 18. b3 Bf8 19. Bxf8 Kxf8 20. Rd2 Ke7
21. Bd3 Rd8 22. Kf2 Rcd7 23. Rhd1 Ne8 24. e5 Nc7 25. Ke3 b5 26. Ng5 bxc4 27. bxc4 h6 28. Ne4 Ne8 29. Nc5 Bc8 30. Nxd7 Rxd7
31. f4 h5 32. c5 Bb7 33. Be4 Rxd2 34. Rxd2 Bc8 35. Rb2 a6 36. Kd4 Nc7 37. Rb8 Kd7 38. c6+ Kd8 39. Bd3 Nd5 40. Bxa6 Ne7
41. Kc5 Kc7 42. Rxc8+ Nxc8 43. Bxc8
1-0

[Event "1st Facebook Tournament"]
[Site "SchemingMind.com"]
[Date "2007.07.31"]
[Round "-"]
[White "Space"]
[Black "javilez"]
[Result "1-0"]
[WhiteCountry "SWE"]
[BlackCountry "NCA"]
[WhiteElo "2228"]
[WhiteRD "83"]
[BlackElo "1691"]
[BlackRD "60"]
[GameID "114402"]

1. Nc3 d5 2. e4 c6 3. f4 Nf6 4. e5 Ne4 5. Nxe4 dxe4 6. d4 exd3 7. Qxd3 Qxd3 8. Bxd3 Nd7 9. Nf3 Nc5 10. Be2 Bg4
11. Be3 e6 12. O-O-O Nd7 13. Bf2 b6 14. Rhe1 O-O-O 15. Ng5 Bxe2 16. Rxe2 Re8 17. Nxf7
1-0

[Event "1st Facebook Tournament"]
[Site "SchemingMind.com"]
[Date "2007.07.27"]
[Round "-"]
[White "Space"]
[Black "Hawkmanzz"]
[Result "1/2-1/2"]
[WhiteCountry "SWE"]
[BlackCountry "USA"]
[WhiteElo "2210"]
[WhiteRD "79"]
[BlackElo "2096"]
[BlackRD "93"]
[GameID "114403"]

1. e4 e5 2. Nf3 Nc6 3. Bb5 a6 4. Ba4 Nf6 5. O-O b5 6. Bb3 Bb7 7. Re1 Bc5 8. c3 d6 9. d4 Bb6 10. Bg5 h6
11. Bh4 O-O 12. a4 Re8 13. axb5 axb5 14. Rxa8 Bxa8 15. d5 Na5 16. Ba2 g5 17. Bg3 c5 18. b4 Nc4 19. Bxc4 bxc4 20. Nfd2 cxb4
21. cxb4 Qc7 22. Qf3 Kg7 23. Rc1 Rc8 24. h3 Qb7 25. Nxc4 Bd4 26. Nbd2 Qxb4 27. Rb1 Qxb1+ 28. Nxb1 Rxc4 29. Kh2=
1/2-1/2